Metodología para la planeación estratégica Área de Conservación La Amistad Región Atlántica
Guardat en:
| Autor principal: | |
|---|---|
| Altres autors: | , |
| Format: | Llibre |
| Publicat: |
San José, Costa Rica
1993
|
| Matèries: | |
| Etiquetes: |
Afegir etiqueta
Sense etiquetes, Sigues el primer a etiquetar aquest registre!
|
MARC
| LEADER | 00000nam a2200000Ia 4500 | ||
|---|---|---|---|
| 003 | 007425 | ||
| 005 | 20221231144302.0 | ||
| 008 | 140114s1993 cr a m 000 ||s d | ||
| 040 | |c cru CEDI | ||
| 090 | |a TFG 3140 | ||
| 100 | |a Berliavsky Nowalski, Gregorio |9 11220 | ||
| 245 | |a Metodología para la planeación estratégica Área de Conservación La Amistad Región Atlántica | ||
| 260 | |c 1993 |a San José, Costa Rica | ||
| 300 | |a volúmenes : ilustraciones ; 28 cm. | ||
| 500 | |a Proyecto de graduación (licenciatura en ingenieria industrial)--Universidad de Costa Rica. Facultad de Ingeniería. Escuela de Ingeniería Industrial | ||
| 501 | |a [v. 1 Parte teórica] | ||
| 650 | |x AREA DE CONSERVACION LA AMISTAD (REGION DEL ATLANTICO, COSTA RICA) |9 11223 | ||
| 700 | |9 11221 |a Sanabria Perera, Ronald | ||
| 700 | |9 11222 |a Villegas Osorio, Guillermo | ||
| 942 | |c TFG | ||
| 999 | |c 19590 |d 19590 | ||
